000 00308nam a2200109Ia 4500
008 230822s1989 xx 000 0 und d
041 _aeng
100 _aMAURICE E. MARTHA MULLER FOUNDATION
245 _aZENTRUM PAUL KLEE, BERN, THE ARCHITECTURE.
260 _bHARCOURT PRIVATE LIMITED
_c1989
300 _a780
999 _c859977
_d859977